000 00741cam a22002412 4500
999 _c17363
_d17363
001 0000024132
003 OSt
005 20181204121149.0
008 130613s xx 000 0 eng d
020 _a8189005049 :
040 _aKABU
_cKABU
050 _aHF5549
_b.G87 2012 c. 1
100 1 _aGupta, Kapil K..
245 1 0 _aHuman resource management /
_cKapil K. Gupta.
250 _a13th ed.
260 _aNew Delhi :
_bSaurabh,
_c2012.
300 _a254 p.
650 0 _aPersonnel management.
908 _a130613
942 _2lcc
_cBK
_hHF5549
_i.G87 2012 c. 1